{"text_format":"1","workbook":"xlsx","n_sheets":1,"sheets":["inv_veneno_abril_2022"],"not_rendered":{"charts":0,"images":3,"macros":0,"external_links":0,"defined_names":0,"comments":0,"pivot_tables":0},"unopened":[],"bounds":{"document_bytes":16777216,"sheet_cells":100000,"rows_first":2000,"rows_last":500,"rows_between":2000,"halvings":0,"cell_chars":16384,"cell_head_chars":4096},"cells_cut":0,"cells_raw":0,"read":"whole","date_system":"1900"}

{"sheet":"inv_veneno_abril_2022","index":0,"n_rows":293,"n_cols":8,"rows_kept":293,"cut":false,"hidden":false,"merged":[[110,6,114,6],[110,7,114,7],[218,0,222,0],[218,1,222,1],[218,2,222,2],[218,3,222,3],[218,4,222,4],[218,5,222,5],[218,6,222,6],[218,7,222,7],[108,0,108,7],[214,0,214,7],[215,0,215,7],[216,0,216,7],[110,0,114,0],[110,1,114,1],[110,2,114,2],[110,3,114,3],[110,4,114,4],[110,5,114,5],[5,6,9,6],[5,7,9,7],[82,0,82,6],[184,0,184,6],[292,0,292,6],[1,0,1,7],[2,0,2,7],[3,0,3,7],[106,0,106,7],[107,0,107,7],[5,0,9,0],[5,1,9,1],[5,2,9,2],[5,3,9,3],[5,4,9,4],[5,5,9,5]]}
[]
["INSTITUTO DEL TABACO DE LA REPÚBLICA DOMINICANA"]
["INVENTARIO DE VENENO"]
["MES DE ABRIL 2022"]
[]
["Fecha de adquisición y/o registro","Artículo","Código Institucional","Descripción artículo","Existencia","Unidad","Costo","Valor"]
[]
[]
[]
[]
["2017-11-02","GENERAL ( 10 )","SEM.AJI.CACHU.SOB.","SEMILLA  AJI CACHUCHA (SOB)",80,"SOBRES",15,{"$f":"+G11*E11","v":1200}]
["2017-11-02","GENERAL ( 10 )","SEM-AJICUB-SOB","SEMILLA AJI CUBANELA (SOB)",40,"SOBRE",15,600]
["2017-06-19","GENERAL ( 10 )","SEMGUAN-LIB","SEMILLA DE GUANDUL-LIB",111,"LIBRAS",1,111]
["2018-04-24","GENERAL ( 10 )","SEM-LEG-SOB","SEMILLA DE LECHUGA (SOB)",111,"SOBRE",15,1665]
["2018-09-11","GENERAL ( 10 )","SEM-RAB-SOB","SEMILLA DE RABANO (SOBRE)",67,"SOBRE",15,1005]
["2017-11-08","GENERAL ( 10 )","SEM-REMOL-SOB","SEMILLA DE REMOLACHA (SOB)",83,"SOBRE",15,1245]
["2017-11-19","GENERAL ( 10 )","SEM-TOM-SOB","SEMILLA DE TOMATE (SOBRE)",283,"SOBRE",15,4245]
["2017-11-02","VENENO ( 2 )","EKOPH","EKO PH 7 (ADHERENTE)",156,"250 CC",103.99,16222.439999999999]
["2017-01-17","VENENO ( 2 )","EMULNED","EMULNED X45 LT",409,"LITRO",474.17705999999998,193938.41753999999]
["2017-11-20","VENENO ( 2 )","FA250CC","FIJADOR AGRICOLA",215,"250 CC",63.054729999999999,13556.766949999999]
["2017-11-02","VENENO ( 2 )","FIJ-AGR","FIJADOR AGRICOLA(ADHERENTE)",60,"LITRO",185,11100]
["2018-01-04","VENENO ( 2 )","IMBILT","IMBIREX CR 80 SL",55,"LITRO",553.04,30417.199999999997]
["2017-11-02","VENENO ( 2 )","PRIM","PRIME + 12.5 EC",20,"LITRO",2300,46000]
["2016-10-07","VENENO ( 2 )","PRIM+25-LT","PRIME 12.5 EC",168,"LITRO",2439.6,409852.8]
["2017-11-16","VENENO ( 2 )","AGRY-PL","AGRY-GENT PLUS 8  WP",2,"500 GR",1198,2396]
["2017-11-02","VENENO ( 2 )","AZOXYSTRO","TABUS",113,"100 GR",550,62150]
["2017-11-02","VENENO ( 2 )","BELTANOL","BELTANOL 50 LS",27,"500 CC",1248.53,33710.31]
["2018-08-08","VENENO ( 2 )","COPPE","COPPERSYT (SULF. COBRE PENTH.)",182,"LITRO",995,181090]
["2017-11-02","VENENO ( 2 )","CRIBA","CRIBA 25 SC",45,"LITRO",1664.25,74891.25]
["2017-01-12","VENENO ( 2 )","D,M.","DIMETOMORPH+MANCOZEB",1405,"750GR",344.59395000000001,484154.49975000002]
["2018-08-08","VENENO ( 2 )","D+M","ACROBKING 69 WP (DIMETOMORPH+MANCOZEB",100,"750GR",800,80000]
["2017-11-07","VENENO ( 2 )","FA80%WP","FOSETIL ALUMINIO 80% WP",174,"K.G",371.28098,64602.890520000001]
["2017-01-16","VENENO ( 2 )","FOLPAN-500GR","FOLPAN 80 NG",2,"500 GR",354.25,708.5]
["2017-02-14","VENENO ( 2 )","FOLPAN-KG","FOLPAN KILOGRAMO",1983,"1 KG",698.27125999999998,1384671.90858]
["2017-02-14","VENENO ( 2 )","INFI68.75SC","INFINITO 68.75 SC",1,"500 CC",1878,1878]
["2017-11-02","VENENO ( 2 )","INFINIT","INFINITO 68.75 SC",6,"500 CC",1916,11496]
["2017-11-02","VENENO ( 2 )","MAST-LT","MASTERCOP 25 SC",2,"LITRO",1384.31023,2768.6204600000001]
["2017-01-03","VENENO ( 2 )","OXICL","OXICLORURO COBRE+MANCOZEB",45,"500 GR",372.76398999999998,16774.379549999998]
["2018-01-03","VENENO ( 2 )","PHOS-AL-250GR","PHOS -AL 250 GRAMOS",1,"250GR",251.06,251.06]
["2017-01-12","VENENO ( 2 )","PROP.","PROPINEB",593,"750GR",365,216445]
["2017-11-20","VENENO ( 2 )","PROP.72","PROPAMOCARB 72%",56,"250 CC",148.69999999999999,8327.1999999999989]
["2017-09-13","VENENO ( 2 )","QUIMAZIN","QUIMAZIN 50 SC",97,"LITRO",299.57,29058.29]
["2017-02-03","VENENO ( 2 )","RADPRO","RADIGMA (PROPINEB)",139,"750GR",600,{"$f":"+G43*E43","v":83400}]
["2017-11-01","VENENO ( 2 )","SULCOB","HACHERO 6.6 SL",5,"LITRO",705.10167999999999,3525.5083999999997]
["2018-04-02","VENENO ( 2 )","SULF.C","SULFATO COBRE PENT. 24%",580,"LITRO",640.54,371513.19999999995]
["2016-10-27","VENENO ( 2 )","SULFA-COB-001","SULFATO COBRE",20,"LITRO",684,13680]
["2016-10-05","VENENO ( 2 )","SULHAC","SULFATO DE COBRE (HACHERO 6.6 SL",60,"LITRO",779.46,46767.600000000006]
["2018-01-04","VENENO ( 2 )","TR WP KG.","TRICHODERMA WP",296,"KGR",3826.36,1132602.56]
["2017-02-09","VENENO ( 2 )","TRIVIA","TRIVIA 72 .7 WP (FLUOP+PROPI)",82,"500 GR",1388.2083,113833.0806]
["2017-11-11","VENENO ( 2 )","24D+","24D+MCPA+DICAMBA(TREMENDO)46,6SL",14,"LITRO",425,5950]
["2016-03-15","VENENO ( 2 )","AT.50SC","ATRINA 50 SC",4,"LITRO",480,1920]
["2016-12-31","VENENO ( 2 )","GLIFO-002","GLIFOSATO",36,"LITRO",383.4,13802.4]
["2016-10-04","VENENO ( 2 )","K-BAL 50EC LT"," K-BAL 50EC (PENDIMENTALINA)",26,"LITRO",428.9,11151.4]
["2018-01-04","VENENO ( 2 )","LANCHA-LT","LANCHA 50 EC",20,"LITRO",399.4,7988]
["2018-01-02","VENENO ( 2 )","SELEC-SUP-LT","SELEC - SUPER LITRO",30,"LITRO",1478.2693999999999,44348.081999999995]
["2017-11-20","VENENO ( 2 )","VERDUGO","VERDUGO 50 EC (PENDIMENTALINA)",11,"LITRO",507,5577]
["2018-08-08","VENENO ( 2 )","AB,","ABAMECTINA 1.8% EC",742,"250 CC",185,137270]
["2017-10-02","VENENO ( 2 )","AGREE-LT","AGREE 12.5 EC",250,"LITRO",940.23,235057.5]
["2018-08-08","VENENO ( 2 )","BT500G","BACILLUS THURINGIENSIS 500G.",34,"UND",1490,50660]
["2017-01-23","VENENO ( 2 )","CHLORE","CHLOREFET 48 EC",147,"250 CC",247.35,36360.449999999997]
["2018-02-16","VENENO ( 2 )","CL48% EC","CLORPYRIFOS 48% EC",144,"100 GR",115,16560]
["2018-02-16","VENENO ( 2 )","DELTAME","DELTAMETRINA",717,"100 CC",369.64483000000001,265035.34311000002]
["2018-04-02","VENENO ( 2 )","EMB05SG","EMAMECTIN BENZOATO 05 SG",818,"100 GR",137.66703000000001,112611.63054000001]
["2018-02-16","VENENO ( 2 )","FIGON","FIGON 25WG",9,"100 GR",141.01,1269.0899999999999]
["2016-11-03","VENENO ( 2 )","FIJAGR","FIGADOR 52 GR",28,"100 GR",134.19999999999999,3757.5999999999995]
["2017-11-16","VENENO ( 2 )","HALCON","HALCON 25 WG (THIAMETHOXAM)",2,"100 GR",179,358]
["2017-11-20","VENENO ( 2 )","IM+LAM32.8","IMIDACOPRID+LAMBDACIHOLOTRINA 32.8 WP",255,"GRAMOS",398,101490]
["2017-11-29","VENENO ( 2 )","INTR","INTREPID 24SC ( LITRO)",2,"LITRO",3764.64,7529.28]
["2016-10-11","VENENO ( 2 )","L.94.49T12.62","LAMBDACIHALOTRINA 9.49%+THIAM.12.62%",648,"100 GR",151.26241999999999,98018.048159999991]
["2017-06-20","VENENO ( 2 )","MONAR5","MONARCA  11.25 SE(THI-BET+CYF)",452,"500 CC",1310.8715500000001,592513.94060000009]
["2017-06-20","VENENO ( 2 )","MONAR-LIT","MONARCA LITRO",123,"LITRO",2193.8542699999998,269844.07520999998]
["2016-02-15","VENENO ( 2 )","SIVANTO","SIVANTO PRIME 20SL 500ML",340,"500 CC",3270.7828800000002,1112066.1792000001]
["2016-02-15","VENENO ( 2 )","SPREA","SPREADER (EMULSIFICANTE ML-20)",214,"250 CC",75,16050]
["2016-02-15","VENENO ( 2 )","BS LT.","BACILLUS SUBTILIS",308,"LITRO",924.8,284838.39999999997]
["2016-02-15","VENENO ( 2 )","ADHERENTE-250CC","ADHERENTE 250CC",506,"UND",97,{"$f":"+G75*E75","v":49082}]
["2016-02-15","VENENO ( 2 )","REGUL-PH250CC","REGULADOR  PH-250",126,"250 CC",99,12474]
["2016-02-15","VETERINARIO ( 4 )","ATROPINA","ATROPINA 10 CC",2,"10CC",83.93,167.86]
["2016-02-15","VETERINARIO ( 4 )","JERING. 5CC","JERINGUILLA  5CC",96,"UND",4.9771200000000002,477.80352000000005]
["2016-02-15","VETERINARIO ( 4 )","JERINGA","JERINGA 10",367,"UND",8.6624400000000001,3179.1154799999999]
["2016-02-15","VETERINARIO ( 4 )","JERINGA.","JERINGA 20",14,"UND",12.1,169.4]
["2016-02-15","VETERINARIO ( 4 )","JER-INS1CC","JERINGUILLA INSUL. 1CC",50,"UND",5.92,296]
["2016-02-15","VETERINARIO ( 4 )","OXITOXINA","OXITOCINA OVER",1,"50 CC",100.74,100.74]
["TOTAL",null,null,null,null,null,null,{"$f":"SUM(H11:H82)","v":8649827.8201700021}]
[]
[]
[]
[]
[]
[]
[]
[]
[]
[]
[]
[]
[]
[]
[]
[]
[]
[]
[]
[]
[]
[]
[]
["INSTITUTO DEL TABACO DE LA REPÚBLICA DOMINICANA"]
["INVENTARIO DE VENENO"]
["MES DE MAYO 2022"]
[]
["Fecha de adquisición y/o registro","Artículo","Código Institucional","Descripción artículo","Existencia","Unidad","Costo","Valor"]
[]
[]
[]
[]
["2017-11-02","GENERAL ( 10 )","SEM.AJI.CACHU.SOB.","SEMILLA  AJI CACHUCHA (SOB)",80,"SOBRES",15,{"$f":"+G116*E116","v":1200}]
["2017-11-02","GENERAL ( 10 )","SEM-AJICUB-SOB","SEMILLA AJI CUBANELA (SOB)",40,"SOBRE",15,600]
["2017-06-19","GENERAL ( 10 )","SEMGUAN-LIB","SEMILLA DE GUANDUL-LIB",111,"LIBRAS",1,111]
["2018-04-24","GENERAL ( 10 )","SEM-LEG-SOB","SEMILLA DE LECHUGA (SOB)",111,"SOBRE",15,1665]
["2018-09-11","GENERAL ( 10 )","SEM-RAB-SOB","SEMILLA DE RABANO (SOBRE)",67,"SOBRE",15,1005]
["2017-11-08","GENERAL ( 10 )","SEM-REMOL-SOB","SEMILLA DE REMOLACHA (SOB)",83,"SOBRE",15,1245]
["2017-11-19","GENERAL ( 10 )","SEM-TOM-SOB","SEMILLA DE TOMATE (SOBRE)",283,"SOBRE",15,4245]
["2017-11-02","VENENO ( 2 )","EKOPH","EKO PH 7 (ADHERENTE)",136,"250 CC",103.99,14142.64]
["2017-01-17","VENENO ( 2 )","EMULNED","EMULNED X45 LT",409,"LITRO",474.17705999999998,193938.41753999999]
["2017-11-20","VENENO ( 2 )","FA250CC","FIJADOR AGRICOLA",215,"250 CC",63.054729999999999,13556.766949999999]
["2017-11-02","VENENO ( 2 )","FIJ-AGR","FIJADOR AGRICOLA(ADHERENTE)",60,"LITRO",185,11100]
["2018-01-04","VENENO ( 2 )","IMBILT","IMBIREX CR 80 SL",55,"LITRO",553.04,30417.199999999997]
["2017-11-02","VENENO ( 2 )","PRIM","PRIME + 12.5 EC",4,"LITRO",2300,9200]
["2016-10-07","VENENO ( 2 )","PRIM+25-LT","PRIME 12.5 EC",168,"LITRO",2439.6,409852.8]
["2017-11-16","VENENO ( 2 )","AGRY-PL","AGRY-GENT PLUS 8  WP",2,"500 GR",1198,2396]
["2017-11-02","VENENO ( 2 )","AZOXYSTRO","TABUS",113,"100 GR",550,62150]
["2017-11-02","VENENO ( 2 )","BELTANOL","BELTANOL 50 LS",27,"500 CC",1248.53,33710.31]
["2018-08-08","VENENO ( 2 )","COPPE","COPPERSYT (SULF. COBRE PENTH.)",182,"LITRO",995,181090]
["2017-11-02","VENENO ( 2 )","CRIBA","CRIBA 25 SC",45,"LITRO",1664.25,74891.25]
["2017-01-12","VENENO ( 2 )","D,M.","DIMETOMORPH+MANCOZEB",1401,"750GR",344.59395000000001,482776.12395000004]
["2018-08-08","VENENO ( 2 )","D+M","ACROBKING 69 WP (DIMETOMORPH+MANCOZEB",98,"750GR",800,78400]
["2017-11-07","VENENO ( 2 )","FA80%WP","FOSETIL ALUMINIO 80% WP",174,"K.G",371.28098,64602.890520000001]
["2017-01-16","VENENO ( 2 )","FOLPAN-500GR","FOLPAN 80 NG",2,"500 GR",354.25,708.5]
["2017-02-14","VENENO ( 2 )","FOLPAN-KG","FOLPAN KILOGRAMO",1983,"1 KG",698.27125999999998,1384671.90858]
["2017-02-14","VENENO ( 2 )","INFI68.75SC","INFINITO 68.75 SC",1,"500 CC",1878,1878]
["2017-11-02","VENENO ( 2 )","INFINIT","INFINITO 68.75 SC",6,"500 CC",1916,11496]
["2017-11-02","VENENO ( 2 )","MAST-LT","MASTERCOP 25 SC",2,"LITRO",1384.31023,2768.6204600000001]
["2017-01-03","VENENO ( 2 )","OXICL","OXICLORURO COBRE+MANCOZEB",45,"500 GR",372.76398999999998,16774.379549999998]
["2018-01-03","VENENO ( 2 )","PHOS-AL-250GR","PHOS -AL 250 GRAMOS",1,"250GR",251.06,251.06]
["2017-01-12","VENENO ( 2 )","PROP.","PROPINEB",593,"750GR",365,216445]
["2017-11-20","VENENO ( 2 )","PROP.72","PROPAMOCARB 72%",56,"250 CC",148.69999999999999,8327.1999999999989]
["2017-09-13","VENENO ( 2 )","QUIMAZIN","QUIMAZIN 50 SC",97,"LITRO",299.57,29058.29]
["2017-02-03","VENENO ( 2 )","RADPRO","RADIGMA (PROPINEB)",135,"750GR",600,{"$f":"+G148*E148","v":81000}]
["2017-11-01","VENENO ( 2 )","SULCOB","HACHERO 6.6 SL",5,"LITRO",705.10167999999999,3525.5083999999997]
["2018-04-02","VENENO ( 2 )","SULF.C","SULFATO COBRE PENT. 24%",572,"LITRO",640.54,366388.88]
["2016-10-27","VENENO ( 2 )","SULFA-COB-001","SULFATO COBRE",20,"LITRO",684,13680]
["2016-10-05","VENENO ( 2 )","SULHAC","SULFATO DE COBRE (HACHERO 6.6 SL",60,"LITRO",779.46,46767.600000000006]
["2018-01-04","VENENO ( 2 )","TR WP KG.","TRICHODERMA WP",296,"KGR",3826.36,1132602.56]
["2017-02-09","VENENO ( 2 )","TRIVIA","TRIVIA 72 .7 WP (FLUOP+PROPI)",82,"500 GR",1388.2083,113833.0806]
["2017-11-11","VENENO ( 2 )","24D+","24D+MCPA+DICAMBA(TREMENDO)46,6SL",14,"LITRO",425,5950]
["2016-03-15","VENENO ( 2 )","K-BAL 50EC LT"," K-BAL 50EC (PENDIMENTALINA)",26,"LITRO",428.9,11151.4]
["2016-12-31","VENENO ( 2 )","LANCHA-LT","LANCHA 50 EC",20,"LITRO",399.4,7988]
["2016-10-04","VENENO ( 2 )","VERDUGO","VERDUGO 50 EC (PENDIMENTALINA)",11,"LITRO",507,5577]
["2018-01-04","VENENO ( 2 )","AB,","ABAMECTINA 1.8% EC",736,"250 CC",185,136160]
["2018-01-02","VENENO ( 2 )","AGREE-LT","AGREE 12.5 EC",250,"LITRO",940.23,235057.5]
["2017-11-20","VENENO ( 2 )","BT500G","BACILLUS THURINGIENSIS 500G.",34,"UND",1490,50660]
["2018-08-08","VENENO ( 2 )","CHLORE","CHLOREFET 48 EC",147,"250 CC",247.35,36360.449999999997]
["2017-10-02","VENENO ( 2 )","CL48% EC","CLORPYRIFOS 48% EC",144,"100 GR",115,16560]
["2018-08-08","VENENO ( 2 )","DELTAME","DELTAMETRINA",715,"100 CC",369.64483000000001,264296.05345000001]
["2017-01-23","VENENO ( 2 )","EMB05SG","EMAMECTIN BENZOATO 05 SG",794,"100 GR",137.66703000000001,109307.62182000001]
["2018-02-16","VENENO ( 2 )","FIGON","FIGON 25WG",9,"100 GR",141.01,1269.0899999999999]
["2018-02-16","VENENO ( 2 )","FIJAGR","FIGADOR 52 GR",8,"100 GR",134.19999999999999,1073.5999999999999]
["2018-04-02","VENENO ( 2 )","HALCON","HALCON 25 WG (THIAMETHOXAM)",2,"100 GR",179,358]
["2018-02-16","VENENO ( 2 )","IM+LAM32.8","IMIDACOPRID+LAMBDACIHOLOTRINA 32.8 WP",255,"GRAMOS",398,101490]
["2016-11-03","VENENO ( 2 )","INTR","INTREPID 24SC ( LITRO)",2,"LITRO",3764.64,7529.28]
["2017-11-16","VENENO ( 2 )","L.94.49T12.62","LAMBDACIHALOTRINA 9.49%+THIAM.12.62%",648,"100 GR",151.26241999999999,98018.048159999991]
["2017-11-20","VENENO ( 2 )","MONAR5","MONARCA  11.25 SE(THI-BET+CYF)",446,"500 CC",1310.8715500000001,584648.71130000008]
["2017-11-29","VENENO ( 2 )","MONAR-LIT","MONARCA LITRO",119,"LITRO",2193.8542699999998,261068.65812999997]
["2016-10-11","VENENO ( 2 )","SIVANTO","SIVANTO PRIME 20SL 500ML",340,"500 CC",3270.7828800000002,1112066.1792000001]
["2017-06-20","VENENO ( 2 )","SPREA","SPREADER (EMULSIFICANTE ML-20)",214,"250 CC",75,16050]
["2017-06-20","VENENO ( 2 )","BS LT.","BACILLUS SUBTILIS",308,"LITRO",924.8,284838.39999999997]
["2016-02-15","VENENO ( 2 )","ADHERENTE-250CC","ADHERENTE 250CC",506,"UND",97,49082]
["2016-02-15","VENENO ( 2 )","REGUL-PH250CC","REGULADOR  PH-250",126,"250 CC",99,12474]
["2016-02-15","VETERINARIO ( 4 )","ATROPINA","ATROPINA 10 CC",2,"10CC",83.93,167.86]
["2016-02-15","VETERINARIO ( 4 )","JERING. 5CC","JERINGUILLA  5CC",96,"UND",4.9771200000000002,{"$f":"+G180*E180","v":477.80352000000005}]
["2016-02-15","VETERINARIO ( 4 )","JERINGA","JERINGA 10",367,"UND",8.6624400000000001,3179.1154799999999]
["2016-02-15","VETERINARIO ( 4 )","JERINGA.","JERINGA 20",14,"UND",12.1,169.4]
["2016-02-15","VETERINARIO ( 4 )","JER-INS1CC","JERINGUILLA INSUL. 1CC",50,"UND",5.92,296]
["2016-02-15","VETERINARIO ( 4 )","OXITOXINA","OXITOCINA OVER",1,"50 CC",100.74,100.74]
["TOTAL",null,null,null,null,null,null,{"$f":"SUM(H116:H184)","v":8515896.8976100013}]
[]
[]
[]
[]
[]
[]
[]
[]
[]
[]
[]
[]
[]
[]
[]
[]
[]
[]
[]
[]
[]
[]
[]
[]
[]
[]
[]
[]
[]
["INSTITUTO DEL TABACO DE LA REPÚBLICA DOMINICANA"]
["INVENTARIO DE VENENO"]
["MES DE JUNIO 2022"]
[]
["Fecha de adquisición y/o registro","Artículo","Código Institucional","Descripción artículo","Existencia","Unidad","Costo","Valor"]
[]
[]
[]
[]
["2017-11-02","GENERAL ( 10 )","SEM.AJI.CACHU.SOB.","SEMILLA  AJI CACHUCHA (SOB)",80,"SOBRES",15,{"$f":"+G224*E224","v":1200}]
["2017-11-02","GENERAL ( 10 )","SEM-AJICUB-SOB","SEMILLA AJI CUBANELA (SOB)",40,"SOBRE",15,600]
["2017-06-19","GENERAL ( 10 )","SEMGUAN-LIB","SEMILLA DE GUANDUL-LIB",111,"LIBRAS",1,111]
["2018-04-24","GENERAL ( 10 )","SEM-LEG-SOB","SEMILLA DE LECHUGA (SOB)",111,"SOBRE",15,1665]
["2018-09-11","GENERAL ( 10 )","SEM-RAB-SOB","SEMILLA DE RABANO (SOBRE)",67,"SOBRE",15,1005]
["2017-11-08","GENERAL ( 10 )","SEM-REMOL-SOB","SEMILLA DE REMOLACHA (SOB)",83,"SOBRE",15,1245]
["2017-11-19","GENERAL ( 10 )","SEM-TOM-SOB","SEMILLA DE TOMATE (SOBRE)",283,"SOBRE",15,4245]
["2017-11-02","VENENO ( 2 )","EKOPH","EKO PH 7 (ADHERENTE)",136,"250 CC",103.99,14142.64]
["2017-01-17","VENENO ( 2 )","EMULNED","EMULNED X45 LT",409,"LITRO",474.17705999999998,193938.41753999999]
["2017-11-20","VENENO ( 2 )","FA250CC","FIJADOR AGRICOLA",215,"250 CC",63.054729999999999,13556.766949999999]
["2017-11-02","VENENO ( 2 )","FIJ-AGR","FIJADOR AGRICOLA(ADHERENTE)",60,"LITRO",185,11100]
["2018-01-04","VENENO ( 2 )","IMBILT","IMBIREX CR 80 SL",55,"LITRO",553.04,30417.199999999997]
["2017-11-02","VENENO ( 2 )","PRIM","PRIME + 12.5 EC",4,"LITRO",2300,9200]
["2016-10-07","VENENO ( 2 )","PRIM+25-LT","PRIME 12.5 EC",168,"LITRO",2439.6,409852.8]
["2017-11-16","VENENO ( 2 )","AGRY-PL","AGRY-GENT PLUS 8  WP",2,"500 GR",1198,2396]
["2017-11-02","VENENO ( 2 )","AZOXYSTRO","TABUS",113,"100 GR",550,62150]
["2017-11-02","VENENO ( 2 )","BELTANOL","BELTANOL 50 LS",27,"500 CC",1248.53,33710.31]
["2018-08-08","VENENO ( 2 )","COPPE","COPPERSYT (SULF. COBRE PENTH.)",182,"LITRO",995,181090]
["2017-11-02","VENENO ( 2 )","CRIBA","CRIBA 25 SC",45,"LITRO",1664.25,74891.25]
["2017-01-12","VENENO ( 2 )","D,M.","DIMETOMORPH+MANCOZEB",1401,"750GR",344.59395000000001,482776.12395000004]
["2018-08-08","VENENO ( 2 )","D+M","ACROBKING 69 WP (DIMETOMORPH+MANCOZEB",98,"750GR",800,78400]
["2017-11-07","VENENO ( 2 )","FA80%WP","FOSETIL ALUMINIO 80% WP",174,"K.G",371.28098,64602.890520000001]
["2017-01-16","VENENO ( 2 )","FOLPAN-500GR","FOLPAN 80 NG",2,"500 GR",354.25,708.5]
["2017-02-14","VENENO ( 2 )","FOLPAN-KG","FOLPAN KILOGRAMO",1983,"1 KG",698.27125999999998,1384671.90858]
["2017-02-14","VENENO ( 2 )","INFI68.75SC","INFINITO 68.75 SC",1,"500 CC",1878,1878]
["2017-11-02","VENENO ( 2 )","INFINIT","INFINITO 68.75 SC",6,"500 CC",1916,11496]
["2017-11-02","VENENO ( 2 )","MAST-LT","MASTERCOP 25 SC",2,"LITRO",1384.31023,2768.6204600000001]
["2017-01-03","VENENO ( 2 )","OXICL","OXICLORURO COBRE+MANCOZEB",45,"500 GR",372.76398999999998,16774.379549999998]
["2018-01-03","VENENO ( 2 )","PHOS-AL-250GR","PHOS -AL 250 GRAMOS",1,"250GR",251.06,251.06]
["2017-01-12","VENENO ( 2 )","PROP.","PROPINEB",593,"750GR",365,216445]
["2017-11-20","VENENO ( 2 )","PROP.72","PROPAMOCARB 72%",56,"250 CC",148.69999999999999,8327.1999999999989]
["2017-09-13","VENENO ( 2 )","QUIMAZIN","QUIMAZIN 50 SC",97,"LITRO",299.57,29058.29]
["2017-02-03","VENENO ( 2 )","RADPRO","RADIGMA (PROPINEB)",135,"750GR",600,{"$f":"+G256*E256","v":81000}]
["2017-11-01","VENENO ( 2 )","SULCOB","HACHERO 6.6 SL",5,"LITRO",705.10167999999999,3525.5083999999997]
["2018-04-02","VENENO ( 2 )","SULF.C","SULFATO COBRE PENT. 24%",572,"LITRO",640.54,366388.88]
["2016-10-27","VENENO ( 2 )","SULFA-COB-001","SULFATO COBRE",20,"LITRO",684,13680]
["2016-10-05","VENENO ( 2 )","SULHAC","SULFATO DE COBRE (HACHERO 6.6 SL",60,"LITRO",779.46,46767.600000000006]
["2018-01-04","VENENO ( 2 )","TR WP KG.","TRICHODERMA WP",296,"KGR",3826.36,1132602.56]
["2017-02-09","VENENO ( 2 )","TRIVIA","TRIVIA 72 .7 WP (FLUOP+PROPI)",82,"500 GR",1388.2083,113833.0806]
["2017-11-11","VENENO ( 2 )","24D+","24D+MCPA+DICAMBA(TREMENDO)46,6SL",14,"LITRO",425,5950]
["2016-03-15","VENENO ( 2 )","K-BAL 50EC LT"," K-BAL 50EC (PENDIMENTALINA)",26,"LITRO",428.9,11151.4]
["2016-12-31","VENENO ( 2 )","LANCHA-LT","LANCHA 50 EC",20,"LITRO",399.4,7988]
["2016-10-04","VENENO ( 2 )","VERDUGO","VERDUGO 50 EC (PENDIMENTALINA)",11,"LITRO",507,5577]
["2018-01-04","VENENO ( 2 )","AB,","ABAMECTINA 1.8% EC",736,"250 CC",185,136160]
["2018-01-02","VENENO ( 2 )","AGREE-LT","AGREE 12.5 EC",250,"LITRO",940.23,235057.5]
["2017-11-20","VENENO ( 2 )","BT500G","BACILLUS THURINGIENSIS 500G.",34,"UND",1490,50660]
["2018-08-08","VENENO ( 2 )","CHLORE","CHLOREFET 48 EC",147,"250 CC",247.35,36360.449999999997]
["2017-10-02","VENENO ( 2 )","CL48% EC","CLORPYRIFOS 48% EC",144,"100 GR",115,16560]
["2018-08-08","VENENO ( 2 )","DELTAME","DELTAMETRINA",715,"100 CC",369.64483000000001,264296.05345000001]
["2017-01-23","VENENO ( 2 )","EMB05SG","EMAMECTIN BENZOATO 05 SG",794,"100 GR",137.66703000000001,109307.62182000001]
["2018-02-16","VENENO ( 2 )","FIGON","FIGON 25WG",9,"100 GR",141.01,1269.0899999999999]
["2018-02-16","VENENO ( 2 )","FIJAGR","FIGADOR 52 GR",8,"100 GR",134.19999999999999,1073.5999999999999]
["2018-04-02","VENENO ( 2 )","HALCON","HALCON 25 WG (THIAMETHOXAM)",2,"100 GR",179,358]
["2018-02-16","VENENO ( 2 )","IM+LAM32.8","IMIDACOPRID+LAMBDACIHOLOTRINA 32.8 WP",255,"GRAMOS",398,101490]
["2016-11-03","VENENO ( 2 )","INTR","INTREPID 24SC ( LITRO)",2,"LITRO",3764.64,7529.28]
["2017-11-16","VENENO ( 2 )","L.94.49T12.62","LAMBDACIHALOTRINA 9.49%+THIAM.12.62%",648,"100 GR",151.26241999999999,98018.048159999991]
["2017-11-20","VENENO ( 2 )","MONAR5","MONARCA  11.25 SE(THI-BET+CYF)",446,"500 CC",1310.8715500000001,584648.71130000008]
["2017-11-29","VENENO ( 2 )","MONAR-LIT","MONARCA LITRO",119,"LITRO",2193.8542699999998,261068.65812999997]
["2016-10-11","VENENO ( 2 )","SIVANTO","SIVANTO PRIME 20SL 500ML",340,"500 CC",3270.7828800000002,1112066.1792000001]
["2017-06-20","VENENO ( 2 )","SPREA","SPREADER (EMULSIFICANTE ML-20)",214,"250 CC",75,16050]
["2017-06-20","VENENO ( 2 )","BS LT.","BACILLUS SUBTILIS",308,"LITRO",924.8,284838.39999999997]
["2016-02-15","VENENO ( 2 )","ADHERENTE-250CC","ADHERENTE 250CC",506,"UND",97,49082]
["2016-02-15","VENENO ( 2 )","REGUL-PH250CC","REGULADOR  PH-250",126,"250 CC",99,12474]
["2016-02-15","VETERINARIO ( 4 )","ATROPINA","ATROPINA 10 CC",2,"10CC",83.93,167.86]
["2016-02-15","VETERINARIO ( 4 )","JERING. 5CC","JERINGUILLA  5CC",96,"UND",4.9771200000000002,{"$f":"+G288*E288","v":477.80352000000005}]
["2016-02-15","VETERINARIO ( 4 )","JERINGA","JERINGA 10",367,"UND",8.6624400000000001,3179.1154799999999]
["2016-02-15","VETERINARIO ( 4 )","JERINGA.","JERINGA 20",14,"UND",12.1,169.4]
["2016-02-15","VETERINARIO ( 4 )","JER-INS1CC","JERINGUILLA INSUL. 1CC",50,"UND",5.92,296]
["2016-02-15","VETERINARIO ( 4 )","OXITOXINA","OXITOCINA OVER",1,"50 CC",100.74,100.74]
["TOTAL",null,null,null,null,null,null,{"$f":"SUM(H224:H292)","v":8515896.8976100013}]